000 00887caa a22002417a 4500
999 _c407526
_d407526
001 121471
003 UA-OsUOA
005 20200323150450.0
007 ta
008 20170321b un ||||| |||| 00| 0 ukr d
040 _aUA-OsUOA
_bukr
_cUA-OsUOA
_dUA-OsUOA
041 _aukr
080 _a908
090 _a908
_bК56
100 _aКовалів В.-Й.
_cотець
245 _aКапуцини в Острозі у ХVІІІ та ХІХ ст.
_bВ.-Й. Ковалів
300 _aС. 263–268
650 7 _a908 Краєзнавство
_2UDC
773 0 _0364752
_9388230
_dОстрог 2000
_o72223
_tМатеріали VІІ-ІХ острозької конференції "Острог на порозі 900-річчя" 1996-1998 роки
_w(UA-OsUOA) 78437
942 _cBKA
_2udc
955 _a1